| 000 | 01122cam a2200325 i 4500 | ||
|---|---|---|---|
| 001 | 12098 | ||
| 003 | Mx-PuUPA | ||
| 005 | 20251013140411.0 | ||
| 008 | 140415s1998 mx gr 001 0 spa d | ||
| 020 | _a9687507322 | ||
| 040 |
_cMx _aMx-PuUPA _bspa _dMx-PuUPA _erda |
||
| 041 | 0 | _aspa | |
| 100 | 1 |
_aF. Carcedo, María Elena, _917526 _eautor |
|
| 245 | 1 | 0 |
_aLenguaje científico técnico y elaboración de tesis de posgrado / _cElena F. Carcedo |
| 250 | _a1a. Edición | ||
| 264 | 1 |
_aPuebla, México : _bUniversidad Iberoamericana Golfo Centro, _c1998 |
|
| 300 |
_a125 páginas ; _c22 cm |
||
| 336 |
_2rdacontent _atexto _btxt |
||
| 337 |
_2rdamedia _asin medio _bn |
||
| 338 |
_2rdacarrier _avolumen _bnc |
||
| 490 | 0 | _aLupus Magister | |
| 650 | 7 |
_2armarc _aLengua y lenguas _xEstudio y enseñanza |
|
| 650 | 7 |
_2armarc _aRedacción de escritos técnicos |
|
| 650 | 7 |
_2armarc _aTesis y disertaciones académicas |
|
| 942 |
_2ddc _cLI _h407.1 _iC25 |
||
| 999 |
_c12098 _d12098 |
||